| 000 | 00405nam a22001697a 4500 | ||
|---|---|---|---|
| 999 |
_c1829 _d1828 |
||
| 005 | 20211023114033.0 | ||
| 008 | 160526b xxu||||| |||| 00| 0 eng d | ||
| 020 | _a817-808-028-1 | ||
| 041 | _aeng | ||
| 082 | _b5207 | ||
| 100 |
_aBalterrick, Robert _91305 |
||
| 245 | _aProject Work out | ||
| 260 |
_aNew Delhi _bAcademic Faundation _c2000 |
||
| 300 | _a453 | ||
| 650 |
_aManagement _9241 |
||
| 942 | _cBK | ||